| 000 | 00421nam a22001697a 4500 | ||
|---|---|---|---|
| 003 | SGT | ||
| 020 | _a9781681253039 | ||
| 082 |
_a616.85 _bA20B |
||
| 100 | _aBEUKELMAN, DAVID R. | ||
| 245 | _aAUGMENTATIVE & ALTRNATIVE COMMUNICATION | ||
| 250 | _a5TH | ||
| 260 |
_aBALTIMORE, USA _bPLURAL PUB _c2020 |
||
| 300 | _a686 | ||
| 650 | _aAUDIOLOGY | ||
| 653 | _aAUGMENTATIVE & ALTRNATIVE COMMUNICATION | ||
| 942 |
_2ddc _cBK |
||
| 999 |
_c23455 _d23455 |
||